LDR 01045nam a2200265 u 4500 001 000000088455 003 CaOOAMICUS 005 20070226124520.0 008 051031s1968 it u000 u ita u 035 $a11066101 040 $aPUL(R)$bita 041 1 $aita$hfre 245 04$aUna Chiesa senza sosta in missione /$cM.-D. Chenu [et al.]. 260 $aRoma :$bA.V.E.,$cc1968. 300 $a210 p. ;$c20 cm 490 1 $aPastorale ;$v15 504 $aComprende indicazioni bibliografiche. 650 4$aChiesa cattolica$xpastorale$xgiovani.$0(OLS)http://pul/subject/2596 700 1 $aChenu, Marie-Dominique,$cO.P.,$d1895-1990.$0(OLS)http://pul/name/770 830 0$aPastorale ;$v15.$0(OLS)http://pul/title/19682 850 $aPUL 852 $aPUL$W1$xDP1 Fondo Pastorale$y55$mP6 D 55$j112018$nBK-PRI$b $qFondi$B112018$CPULBib$Z2$F112018 $H $81 941 1 $a1 996 $6245$aUna Chiesa senza sosta in missione$9(OLS)http://pul/title/114317 996 $6260$aRoma :$bA.V.E.$9(OLS)http://pul/publisher/47979